Movies Cut Off At 'G' Quiz Stats

 Plays Quiz Updated Oct 2, 2018

Challenge
Share
Tweet
Embed
Score 0/30 Timer 05:00
4 Plays Today
Cut Off at G Movie Title % Correct
THE AVENGERS
97.3%
RED DRAGON
96.8%
THE BLUE LAGOON
95.2%
NO STRINGS ATTACHED
94.3%
JERRY MAGUIRE
93.4%
ALL THE KING'S MEN
93.4%
A FEWGOOD MEN
93.2%
MISS CONGENIALITY
91.6%
COYOTE UGLY
91.6%
THE DARK KNIGHT
90.6%
HARD TARGET
90.4%
POLTERGEIST
89.9%
DO THE RIGHT THING
89.7%
THAT THING YOU DO!
89.2%
MEMOIRS OF AGEISHA
84.6%
Cut Off at G Movie Title % Correct
12 ANGRY MEN
84.6%
TRUEGRIT
82.5%
STRAW DOGS
80.5%
JOHNNY ENGLISH
79%
THE FUGITIVE
76.2%
ENEMY AT THEGATES
73.4%
FRIEDGREEN TOMATOES
73%
I SPIT ON YOURGRAVE
70%
HIDALGO
66.2%
17 AGAIN
65.6%
IN BRUGES
62%
THE CONSTANTGARDENER
56.9%
THE NINTHGATE
43.9%
LOST HIGHWAY
39.4%
THIR13ENGHOSTS
35%

You're not logged in!

Compare scores with friends on all Sporcle quizzes.
OR
Log In

You Might Also Like...

Show Comments

Extras

Top Quizzes Today


Score Distribution

Your Account Isn't Verified!

In order to create a playlist on Sporcle, you need to verify the email address you used during registration. Go to your Sporcle Settings to finish the process.

Report this User

Report this user for behavior that violates our Community Guidelines.

Details: